| 000 | 01144cam a2200349 a 4500 | ||
|---|---|---|---|
| 001 | 1874 | ||
| 003 | FISKH | ||
| 005 | 20231006112506.0 | ||
| 008 | 120905s2013 nyua j b 001 0 eng c | ||
| 010 | _a 2012035788 | ||
| 020 | _a9780531255025 (library binding) | ||
| 020 | _a9780531240625 | ||
| 040 |
_aPSt/DLC _beng _cPSt _dDLC |
||
| 042 | _apcc | ||
| 050 | 0 | 0 |
_aQB521.5 _b.J46 2013 |
| 082 | 0 | 0 |
_a523.7 _223 |
| 100 | 1 |
_aJemison, Mae, _d1956- |
|
| 245 | 1 | 0 |
_aExploring our sun / _cby Mae Jemison and Dana Meachen Rau. |
| 260 |
_aNew York : _bScholastic, _c2013. |
||
| 300 |
_a48 pages : _bcolor illustrations; _c22 cm. |
||
| 490 | 0 | _aA true book | |
| 490 | 0 | _aDr. Mae Jemison and 100 year starship | |
| 505 | 0 | _aT | |
| 520 | _a"This book explains what the Sun is and how it affects the rest of the solar system"--Provided by publisher. | ||
| 521 | 2 |
_a810
_bLexile |
|
| 521 | 2 |
_aT
_bRaz-Plus |
|
| 651 | 0 |
_aSun _vJuvenile literature. |
|
| 700 | 1 |
_aRau, Dana Meachen, _d1971- _eAuthor |
|
| 906 |
_a7 _bcbc _corignew _d1 _eecip _f20 _gy-gencatlg |
||
| 942 |
_2ddc _cBK _n0 |
||
| 999 |
_c1874 _d1874 |
||